[Event "Perth AUS Open"]
[Site "?"]
[Date "2023.01.06"]
[Round "7.21"]
[White "Baneshi, Kiamehr"]
[Black "Laubbacher, Jamie"]
[Result "1-0"]
[WhiteElo "1671"]
[BlackElo "1797"]
[PlyCount "79"]
[EventDate "2023.01.??"]
[EventRounds "11"]
[EventCountry "AUS"]
[SourceVersionDate "2023.01.02"]

1. e4 c5 2. Nf3 Nc6 3. Bb5 e6 4. O-O Nge7 5. b3 a6 6. Bxc6 Nxc6 7. Bb2 d6 8. d4 cxd4 9. Nxd4 e5 10. Ne2 Be7 11. Nbc3 O-O 12. f4 f5 13. Kh1 Be6 14. exf5 Rxf5 15. Nd5 Kh8 16. Ng3 Rf8 17. Nxe7 Qxe7 18. Ba3 exf4 19. Bxd6 Qh4 20. Qh5 Qxh5 21. Nxh5 g5 22. Bxf8 Rxf8 23. Ng3 Re8 24. Ne4 Nd4 25. Nxg5 Nxc2 26. Rac1 Ne3 27. Rxf4 Bd5 28. Nf3 Bc6 29. Re1 Kg7 30. Kg1 Nd5 31. Rg4+ Kf6 32. Rxe8 Bxe8 33. Re4 Bc6 34. Re1 Nc3 35. a4 Bd5 36. Nd2 h5 37. Re3 Na2 38. Ne4+ Ke5 39. Nc3+ Kd4 40. Nxd5 1-0

[Event "Perth AUS Open"]
[Site "?"]
[Date "2023.01.06"]
[Round "7.22"]
[White "Chinbat, Chinguun"]
[Black "Koh, Shannon"]
[Result "1-0"]
[WhiteElo "1787"]
[BlackElo "1541"]
[PlyCount "111"]
[EventDate "2023.01.??"]
[EventRounds "11"]
[EventCountry "AUS"]
[SourceVersionDate "2023.01.02"]

1. d4 Nf6 2. Nf3 g6 3. c4 Bg7 4. Nc3 d5 5. cxd5 Nxd5 6. e4 Nxc3 7. bxc3 c5 8. Be3 Qa5 9. Bd2 O-O 10. Be2 Nc6 11. O-O Bg4 12. a4 Qd8 13. d5 Na5 14. Rb1 c4 15. h3 Bxf3 16. Bxf3 e6 17. Qc2 Qd7 18. Rb4 exd5 19. exd5 Rfe8 20. Be3 Bf8 21. Rb5 Nb3 22. d6 Qxd6 23. Rd1 Qa3 24. Rxb7 Rac8 25. Bd5 Re7 26. Rxe7 Bxe7 27. Qe4 Bf6 28. Qf4 Qe7 29. Qg4 Qc7 30. Bxf7+ Kh8 31. Be6 Rf8 32. Qxc4 Qxc4 33. Bxc4 Na5 34. Bb5 Bxc3 35. Bxa7 Kg7 36. Rd3 Be5 37. Bb6 Ra8 38. Rd7+ Kf6 39. Rxh7 Nb3 40. Rd7 Rc8 41. Rd1 Rb8 42. Be3 Rc8 43. g4 g5 44. Kg2 Rc2 45. h4 gxh4 46. g5+ Ke6 47. Kh3 Nc5 48. Kxh4 Nb7 49. Rd2 Rc7 50. f4 Bc3 51. Re2 Kd5 52. Kg4 Nd6 53. Rc2 Ke4 54. Bd2 Ba5 55. Rxc7 Bxc7 56. g6 1-0

[Event "Perth AUS Open"]
[Site "?"]
[Date "2023.01.06"]
[Round "7.25"]
[White "Simonds, Marcus"]
[Black "Kinsman, Craig C"]
[Result "0-1"]
[WhiteElo "1581"]
[BlackElo "1986"]
[PlyCount "87"]
[EventDate "2023.01.??"]
[EventRounds "11"]
[EventCountry "AUS"]
[SourceVersionDate "2023.01.02"]

1. Nf3 Nf6 2. g3 d5 3. Bg2 c6 4. d3 Bg4 5. Nbd2 Nbd7 6. O-O e6 7. h3 Bh5 8. b3 Bd6 9. Bb2 Qe7 10. a4 a5 11. Re1 O-O 12. e4 dxe4 13. dxe4 Bxf3 14. Nxf3 e5 15. Qe2 Nc5 16. Nh4 g6 17. Rad1 Rfd8 18. Rd2 Rd7 19. Red1 Rad8 20. Bc3 Bc7 21. f3 Ncxe4 22. Rxd7 Rxd7 23. Rxd7 Nxd7 24. Qxe4 Qc5+ 25. Bd4 Qxd4+ 26. Qxd4 exd4 27. f4 Bd8 28. Nf3 Bf6 29. Nd2 Be7 30. Kf1 Bb4 31. Ke2 Bxd2 32. Kxd2 Nc5 33. Kc1 Kf8 34. Kb2 Ke7 35. Ka3 Na6 36. Kb2 Kd6 37. Bf1 Nb4 38. Bc4 f6 39. c3 dxc3+ 40. Kxc3 Kc5 41. h4 Nd5+ 42. Kd3 b5 43. axb5 cxb5 44. b4+ 0-1

[Event "Perth AUS Open"]
[Site "?"]
[Date "2023.01.06"]
[Round "7.26"]
[White "Umasankar, Naveen Ramnat"]
[Black "Stewart, Clint"]
[Result "1/2-1/2"]
[WhiteElo "1573"]
[BlackElo "1799"]
[PlyCount "55"]
[EventDate "2023.01.??"]
[EventRounds "11"]
[EventCountry "AUS"]
[SourceVersionDate "2023.01.02"]

1. e4 c5 2. d4 cxd4 3. c3 d3 4. Bxd3 Nc6 5. c4 g6 6. Nc3 Bg7 7. Nge2 d6 8. Be3 Nf6 9. h3 O-O 10. O-O Nd7 11. Rc1 Nde5 12. b3 Nxd3 13. Qxd3 Qa5 14. Nd4 Bd7 15. f4 Rad8 16. Rf2 f5 17. Rd2 fxe4 18. Qxe4 Nxd4 19. Bxd4 e5 20. fxe5 Bc6 21. Qe2 dxe5 22. Be3 e4 23. Nd5 Bxd5 24. cxd5 Rxd5 25. Qc4 Rfd8 26. Rcd1 b5 27. Rxd5 bxc4 28. Rxd8+ 1/2-1/2

[Event "Perth AUS Open"]
[Site "?"]
[Date "2023.01.06"]
[Round "7.27"]
[White "Rozuwiecka, Anna"]
[Black "Marriott, Max"]
[Result "1-0"]
[WhiteElo "1798"]
[BlackElo "1533"]
[PlyCount "91"]
[EventDate "2023.01.??"]
[EventRounds "11"]
[EventCountry "AUS"]
[SourceVersionDate "2023.01.02"]

1. d4 Nf6 2. Bg5 Ne4 3. Bf4 c5 4. d5 d6 5. f3 Qa5+ 6. c3 Nf6 7. e4 g6 8. a4 Bg7 9. Na3 O-O 10. Ne2 Nbd7 11. Nc4 Qc7 12. h4 h5 13. Rg1 b6 14. Bh2 Ba6 15. Nf4 Bxc4 16. Bxc4 Ne5 17. Ba6 c4 18. Kf1 Nfd7 19. g4 hxg4 20. fxg4 Nb8 21. Bb5 a6 22. Bc6 Nbxc6 23. dxc6 Qxc6 24. Qd5 e6 25. Qxc6 Nxc6 26. Ke2 Be5 27. g5 b5 28. Bg3 b4 29. h5 gxh5 30. g6 bxc3 31. bxc3 Bxc3 32. Rac1 Bd4 33. Rg2 Rab8 34. g7 Bxg7 35. Bf2 Rb2+ 36. Kf1 Ne5 37. Nxh5 Ng6 38. Nxg7 Rxf2+ 39. Kxf2 Kxg7 40. Rxc4 Rb8 41. Ke3 Kf6 42. Rf2+ Ke5 43. Rxf7 Rb3+ 44. Kd2 d5 45. exd5 exd5 46. Rg4 1-0

[Event "Perth AUS Open"]
[Site "?"]
[Date "2023.01.06"]
[Round "7.28"]
[White "King, David"]
[Black "Huang Hui"]
[Result "1-0"]
[WhiteElo "1740"]
[BlackElo "1514"]
[PlyCount "101"]
[EventDate "2023.01.??"]
[EventRounds "11"]
[EventCountry "AUS"]
[SourceVersionDate "2023.01.02"]

1. e4 Nf6 2. e5 Nd5 3. d4 d6 4. c4 Nb6 5. exd6 exd6 6. Nc3 Be7 7. Bd3 Nc6 8. Be3 Nb4 9. Bb1 d5 10. a3 Nc6 11. c5 Nc4 12. Bc1 Bf6 13. Nge2 O-O 14. O-O Bg4 15. f3 Bh5 16. b3 N4a5 17. Be3 Bg6 18. Ba2 b6 19. b4 Nc4 20. Bf2 Ne7 21. Nxd5 Nxd5 22. Bxc4 c6 23. Bxd5 cxd5 24. Nf4 Qd7 25. Nxg6 hxg6 26. Qd3 b5 27. Rfc1 Rfc8 28. a4 bxa4 29. b5 Qb7 30. Rxa4 Rab8 31. Rb1 Bd8 32. Qa3 Ra8 33. Ra6 Qb8 34. Qa4 g5 35. Ra1 f5 36. b6 Bxb6 37. cxb6 Rc4 38. Qd7 Rb4 39. Qxd5+ Kh8 40. Qxf5 Rxb6 41. Rxb6 axb6 42. Rxa8 Qxa8 43. h4 gxh4 44. Qh5+ Kg8 45. Qxh4 Qa1+ 46. Kh2 Qb2 47. Qd8+ Kh7 48. Be1 b5 49. Qe7 Qa1 50. d5 Qd4 51. Qe4+ 1-0

[Event "Perth AUS Open"]
[Site "?"]
[Date "2023.01.06"]
[Round "7.31"]
[White "Phillips, Max"]
[Black "Shen, Fiona"]
[Result "1-0"]
[WhiteElo "1506"]
[BlackElo "1625"]
[PlyCount "79"]
[EventDate "2023.01.??"]
[EventRounds "11"]
[EventCountry "AUS"]
[SourceVersionDate "2023.01.02"]

1. e4 c5 2. Nf3 d6 3. d4 cxd4 4. Nxd4 Nf6 5. Nc3 a6 6. f3 e6 7. Be3 b5 8. Qd2 b4 9. Nce2 e5 10. Nb3 a5 11. a4 Be7 12. Ng3 g6 13. Bc4 Be6 14. Qd3 O-O 15. Bxe6 fxe6 16. Qb5 Nbd7 17. O-O Qc7 18. Rfc1 Rfb8 19. Qd3 d5 20. Nd2 Nc5 21. Bxc5 Bxc5+ 22. Kh1 Rd8 23. Qb3 Qa7 24. exd5 exd5 25. Nde4 Be7 26. Rd1 Qd7 27. Rd3 Kg7 28. Nxf6 Bxf6 29. Rad1 d4 30. Ne4 Qc6 31. c3 bxc3 32. bxc3 Rab8 33. Qc2 Rdc8 34. Qd2 Qxa4 35. Nxf6 Kxf6 36. cxd4 exd4 37. Qf4+ Kg7 38. Rxd4 Qb5 39. Rd7+ Qxd7 40. Rxd7+ 1-0

[Event "Perth AUS Open"]
[Site "?"]
[Date "2023.01.06"]
[Round "7.34"]
[White "Hardegen, Kathryn"]
[Black "Chen, Angus"]
[Result "1-0"]
[WhiteElo "1887"]
[BlackElo "1394"]
[PlyCount "72"]
[EventDate "2023.01.??"]
[EventRounds "11"]
[EventCountry "AUS"]
[SourceVersionDate "2023.01.02"]

1. d4 Nf6 2. Nf3 e6 3. c4 d5 4. Nc3 c6 5. e3 Nbd7 6. Qc2 Be7 7. b3 O-O 8. Bb2 dxc4 9. bxc4 c5 10. Be2 b6 11. O-O Bb7 12. Rad1 a6 13. d5 exd5 14. cxd5 Bd6 15. Ng5 Re8 16. h3 b5 17. Nce4 Nxe4 18. Nxe4 Nb6 19. Nxd6 Qxd6 20. e4 c4 21. e5 Qd8 22. d6 Qg5 23. Bg4 Rad8 24. f4 Qh4 25. Bf3 Bxf3 26. Rxf3 Nd7 27. Bd4 f6 28. Qe4 fxe5 29. Qd5+ Kh8 30. fxe5 Qg5 31. Rdf1 h6 32. Rf7 Nxe5 33. R7f5 Qd2 34. Rxe5 Rg8 35. Re3 Qa5 36. Re6 Qd2 1-0

[Event "Perth AUS Open"]
[Site "?"]
[Date "2023.01.06"]
[Round "7.35"]
[White "Janceski, Alex"]
[Black "De Vas, Yonal"]
[Result "1-0"]
[WhiteElo "1821"]
[BlackElo "1558"]
[PlyCount "79"]
[EventDate "2023.01.??"]
[EventRounds "11"]
[EventCountry "AUS"]
[SourceVersionDate "2023.01.02"]

1. d4 d5 2. c4 dxc4 3. e3 Nf6 4. Bxc4 e6 5. a3 a6 6. Nf3 c5 7. O-O cxd4 8. Nxd4 Bd7 9. b4 Nc6 10. Bb2 Be7 11. Qe2 O-O 12. Nd2 Qc7 13. Rac1 Bd6 14. g3 Nxd4 15. Bxd4 Bc6 16. Bd3 e5 17. Bb2 Qe7 18. Bf5 Bb5 19. Bd3 Bxd3 20. Qxd3 Qd7 21. Ne4 Nxe4 22. Qxe4 Rad8 23. Rfd1 f5 24. Qd5+ Qf7 25. Bxe5 Qxd5 26. Rxd5 Bxe5 27. Rxe5 g6 28. Rc7 Rf7 29. Ree7 Rxe7 30. Rxe7 b5 31. Ra7 Rd6 32. Kg2 g5 33. Kf3 h5 34. h4 f4 35. hxg5 fxe3 36. Kxe3 Rc6 37. Ke4 Re6+ 38. Kf5 Re2 39. f4 Re3 40. Kg6 1-0

[Event "Perth AUS Open"]
[Site "?"]
[Date "2023.01.06"]
[Round "7.36"]
[White "Pimenov, Alex"]
[Black "Rafiei Darani, Daryoush"]
[Result "0-1"]
[WhiteElo "1800"]
[BlackElo "1504"]
[PlyCount "58"]
[EventDate "2023.01.??"]
[EventRounds "11"]
[EventCountry "AUS"]
[SourceVersionDate "2023.01.02"]

{[%evp 0,58,31,28,30,-28,44,43,32,28,42,19,25,0,7,11,22,12,44,42,29,-26,-26,-32,-44,-71,-21,-85,1,-187,-190,-198,-198,-477,-480,-473,-484,-470,-464,-449,-470,-461,-462,-462,-402,-396,-428,-501,-436,-492,-436,-577,-442,-435,-476,-478,-414,-468,-467,-1120,-1207]} 1. d4 Nf6 2. c4 g6 3. Nc3 Bg7 4. e4 d6 5. f3 O-O 6. Be3 c5 7. d5 a6 8. Bd3 e6 9. Qd2 exd5 10. exd5 Nbd7 11. Nge2 Ne5 12. Ng3 Re8 13. O-O Nfd7 14. Nge4 Nxd3 15. Qxd3 f5 16. Nd2 Rxe3 17. Qc2 Bd4 18. Kh1 Qe7 19. Nd1 Re1 20. Nc3 Rxa1 21. Rxa1 Nb6 22. f4 Bd7 23. Nf3 Re8 24. b3 Qf6 25. Nxd4 Qxd4 26. g3 Re3 27. Rc1 Nc8 28. Kg2 Rd3 29. Kf1 Rd2 0-1

[Event "Perth AUS Open"]
[Site "?"]
[Date "2023.01.06"]
[Round "7.38"]
[White "Wolffs, Walter"]
[Black "Xiao Zhou Ning"]
[Result "1/2-1/2"]
[WhiteElo "1383"]
[BlackElo "1583"]
[PlyCount "61"]
[EventDate "2023.01.??"]
[EventRounds "11"]
[EventCountry "AUS"]
[SourceVersionDate "2023.01.02"]

1. d4 Nf6 2. c4 e6 3. Nf3 Bb4+ 4. Bd2 Qe7 5. a3 Bxd2+ 6. Qxd2 O-O 7. g3 d5 8. Bg2 c6 9. O-O Rd8 10. Qc2 b6 11. Nbd2 Bb7 12. Ne5 c5 13. cxd5 cxd4 14. dxe6 Bxg2 15. Kxg2 Qxe6 16. Ndf3 Nbd7 17. Qc6 Nxe5 18. Qxe6 fxe6 19. Nxe5 Rd5 20. f4 Nd7 21. Nc6 Rd6 22. Rac1 Nc5 23. Ne5 d3 24. exd3 Nxd3 25. Nxd3 Rxd3 26. Rfd1 Rad8 27. Rxd3 Rxd3 28. Kh3 Rd2 29. b4 Kf7 30. Rc6 Ke7 31. Rc3 1/2-1/2

[Event "Perth AUS Open"]
[Site "?"]
[Date "2023.01.06"]
[Round "7.39"]
[White "Ong, Celine"]
[Black "Andador, Dominador"]
[Result "1-0"]
[WhiteElo "1376"]
[BlackElo "1886"]
[PlyCount "61"]
[EventDate "2023.01.??"]
[EventRounds "11"]
[EventCountry "AUS"]
[SourceVersionDate "2023.01.02"]

1. e4 d6 2. d4 Nf6 3. Nc3 g6 4. f3 Bg7 5. Bg5 Nbd7 6. Qd2 c5 7. Nge2 b5 8. dxc5 Nxc5 9. Nxb5 Qb6 10. Nec3 O-O 11. Bxf6 exf6 12. Qxd6 Rd8 13. Qxb6 axb6 14. Nd5 Bd7 15. Nbc7 Rab8 16. Bb5 Bxb5 17. Nxb5 f5 18. Ne7+ Kf8 19. Nc6 fxe4 20. fxe4 Nxe4 21. Nxb8 Rxb8 22. c3 Rd8 23. O-O Rd2 24. Rae1 Nc5 25. b4 Na4 26. Rf2 Rd3 27. Ref1 Rd7 28. Rc2 Be5 29. Rb1 Rd5 30. c4 Rd3 31. c5 1-0

[Event "Perth AUS Open"]
[Site "?"]
[Date "2023.01.06"]
[Round "7.40"]
[White "Harris, Eamon"]
[Black "Sheridan, Wallace"]
[Result "0-1"]
[WhiteElo "1884"]
[BlackElo "1461"]
[PlyCount "96"]
[EventDate "2023.01.??"]
[EventRounds "11"]
[EventCountry "AUS"]
[SourceVersionDate "2023.01.02"]

1. e4 d6 2. d4 Nf6 3. Nc3 e5 4. dxe5 dxe5 5. Qxd8+ Kxd8 6. Bc4 Ke8 7. Bg5 Nbd7 8. O-O-O c6 9. Bxf6 gxf6 10. Nge2 b5 11. Bb3 Nc5 12. Ng3 a5 13. a4 Nxb3+ 14. cxb3 b4 15. Nb1 Be6 16. Nd2 Bh6 17. Nf5 Bxd2+ 18. Rxd2 Bxb3 19. Rd3 Be6 20. Rhd1 Rg8 21. g3 c5 22. b3 Bxf5 23. exf5 Rg5 24. Rf3 Rd8 25. Rxd8+ Kxd8 26. h3 Ke7 27. g4 Rg8 28. Kc2 Rd8 29. Rd3 Rd4 30. Rxd4 cxd4 31. Kd3 Kd6 32. Kc4 Kc6 33. f3 Kd6 34. Kd3 Kd5 35. h4 h6 36. h5 Kc5 37. Ke4 Kd6 38. f4 exf4 39. Kxf4 Kd5 40. Kf3 Ke5 41. Ke2 Ke4 42. Kd2 d3 43. Kd1 Ke3 44. Ke1 d2+ 45. Kd1 Kd3 46. g5 fxg5 47. f6 Kc3 48. Ke2 Kc2 0-1

[Event "Perth AUS Open"]
[Site "?"]
[Date "2023.01.06"]
[Round "7.41"]
[White "Wolstencroft, Alan"]
[Black "Raptis, Liam"]
[Result "1-0"]
[WhiteElo "1702"]
[BlackElo "1436"]
[PlyCount "79"]
[EventDate "2023.01.??"]
[EventRounds "11"]
[EventCountry "AUS"]
[SourceVersionDate "2023.01.02"]

1. e4 e5 2. Nf3 Nc6 3. Bb5 a6 4. Ba4 Bc5 5. c3 d6 6. h3 Nf6 7. O-O O-O 8. Re1 Bd7 9. Bc2 Bb6 10. d4 Re8 11. Bg5 Qc8 12. Kh2 Kh8 13. a3 h6 14. Bxf6 gxf6 15. Qd3 Ne7 16. Nh4 Ng6 17. Nxg6+ fxg6 18. Nd2 f5 19. f3 f4 20. Rg1 g5 21. g4 Be6 22. Rg2 Qd7 23. Rd1 Qe7 24. Nc4 Bf7 25. Nxb6 cxb6 26. dxe5 dxe5 27. Qd6 b5 28. Rgd2 Rad8 29. Qxh6+ Kg8 30. Qb6 Rxd2+ 31. Rxd2 Be6 32. Kg2 Qh7 33. Rd6 Qh4 34. Qf2 Qh6 35. Qb6 Qh4 36. Rxe6 Qg3+ 37. Kf1 Qxh3+ 38. Ke2 Qg2+ 39. Kd1 Qxf3+ 40. Kc1 1-0

[Event "Perth AUS Open"]
[Site "?"]
[Date "2023.01.06"]
[Round "7.42"]
[White "Lawes, Alexander"]
[Black "Yeung, Evan"]
[Result "1-0"]
[WhiteElo "1407"]
[BlackElo "1608"]
[PlyCount "77"]
[EventDate "2023.01.??"]
[EventRounds "11"]
[EventCountry "AUS"]
[SourceVersionDate "2023.01.02"]

1. e4 c5 2. d4 cxd4 3. c3 Nf6 4. e5 Nd5 5. cxd4 Nc6 6. Nf3 d6 7. h3 dxe5 8. dxe5 e6 9. Bc4 Bb4+ 10. Bd2 O-O 11. O-O Qa5 12. Bxb4 Ndxb4 13. a3 Rd8 14. Qb3 Nd5 15. Nc3 Nxc3 16. Qxc3 Qxc3 17. bxc3 Ne7 18. Rfd1 Bd7 19. Nd4 Rac8 20. Bb5 Rxc3 21. Nxe6 fxe6 22. Bxd7 Kf8 23. Bxe6 Rcd3 24. Rxd3 Rxd3 25. f4 Ng6 26. Bf5 Rg3 27. Kf2 Rc3 28. Bxg6 hxg6 29. a4 b6 30. g3 Ke7 31. a5 b5 32. a6 b4 33. Ra5 Rc1 34. Rb5 Rb1 35. Kf3 b3 36. Kg4 Ke6 37. Kg5 Kf7 38. Rb7+ Ke6 39. Rxa7 1-0

[Event "Perth AUS Open"]
[Site "?"]
[Date "2023.01.06"]
[Round "7.43"]
[White "De Rooy, Jack"]
[Black "Stokes, Mark C"]
[Result "0-1"]
[WhiteElo "1242"]
[BlackElo "1569"]
[PlyCount "66"]
[EventDate "2023.01.??"]
[EventRounds "11"]
[EventCountry "AUS"]
[SourceVersionDate "2023.01.02"]

1. d4 f5 2. c4 Nf6 3. Nf3 e6 4. g3 d6 5. Bg2 Be7 6. O-O O-O 7. Nc3 Qe8 8. Re1 Qg6 9. Qc2 Nc6 10. a3 a5 11. e4 e5 12. dxe5 dxe5 13. Bg5 fxe4 14. Bxf6 Bxf6 15. Qxe4 Bf5 16. Qd5+ Kh8 17. Qb5 e4 18. Nd2 Nd4 19. Qa4 e3 20. Nde4 exf2+ 21. Kxf2 Bxe4 22. Nxe4 Nc6 23. Kg1 Bxb2 24. Rab1 Bd4+ 25. Kh1 Rab8 26. Rb5 Ne5 27. Rd5 Nc6 28. Rg5 Qe6 29. Qd1 Qxc4 30. Nd2 Qc3 31. Bxc6 Qxc6+ 32. Qf3 {Touch-move following Qg4 illegal - arbiter A.H.} Rxf3 33. Nxf3 Qxf3# 0-1

[Event "Perth AUS Open"]
[Site "?"]
[Date "2023.01.06"]
[Round "7.44"]
[White "Cadag, Herbert"]
[Black "Li, Ian"]
[Result "0-1"]
[WhiteElo "1557"]
[BlackElo "1341"]
[PlyCount "86"]
[EventDate "2023.01.??"]
[EventRounds "11"]
[EventCountry "AUS"]
[SourceVersionDate "2023.01.02"]

1. e4 e6 2. d4 d5 3. exd5 exd5 4. Bd3 Nc6 5. c3 Bd6 6. Qh5 Nf6 7. Qg5 O-O 8. Ne2 Re8 9. f3 Qe7 10. Qh4 Bf5 11. Be4 dxe4 12. f4 e3 13. O-O Bd3 14. Re1 Nd5 15. Qg4 Bxe2 16. Rxe2 Nxf4 17. Rxe3 Qf6 18. Na3 Nd5 19. Rxe8+ Rxe8 20. Bg5 Qg6 21. c4 Ne3 22. Qd7 Qe4 23. Qh3 Bxa3 24. Re1 Qxd4 25. Bxe3 Rxe3 26. Rxe3 Bc5 27. Kf2 Qxe3+ 28. Qxe3 Bxe3+ 29. Kxe3 f5 30. a3 Kf7 31. b4 Ke6 32. b5 Ne5 33. Kd4 h5 34. a4 b6 35. h4 f4 36. Ke4 Ng6 37. g4 hxg4 38. h5 f3 39. Ke3 Nf4 40. c5 Nh3 41. a5 f2 42. Ke2 g3 43. Kf1 bxa5 0-1

[Event "Perth AUS Open"]
[Site "?"]
[Date "2023.01.06"]
[Round "7.46"]
[White "Vujasin, Nikola"]
[Black "Brown, Greg"]
[Result "0-1"]
[WhiteElo "1539"]
[BlackElo "1312"]
[PlyCount "140"]
[EventDate "2023.01.??"]
[EventRounds "11"]
[EventCountry "AUS"]
[SourceVersionDate "2023.01.02"]

1. d4 Nf6 2. c4 d5 3. Nc3 c6 4. Nf3 dxc4 5. a4 Bg4 6. e3 e6 7. Bxc4 Bb4 8. O-O O-O 9. h3 Bh5 10. Be2 Nbd7 11. Qb3 a5 12. Qc2 Re8 13. Rd1 Qc7 14. e4 h6 15. Be3 Bg6 16. Bd3 Rac8 17. Rac1 Red8 18. Ne2 e5 19. Ng3 exd4 20. Bxd4 Bd6 21. Nf5 Bxf5 22. exf5 Bf4 23. Be3 Nd5 24. Bxf4 Qxf4 25. Be2 N7f6 26. Rd4 Qc7 27. Rcd1 Re8 28. Bc4 Qd7 29. R4d2 Rcd8 30. Qb3 Re7 31. Ne1 Qxf5 32. Nc2 Red7 33. Nd4 Qg5 34. Nf3 Qf4 35. Rd4 Qc7 36. Ne1 Kf8 37. Nc2 Qb6 38. Qxb6 Nxb6 39. Rxd7 Rxd7 40. Rxd7 Nfxd7 41. Be2 Nxa4 42. b3 Nac5 43. Nd4 a4 44. bxa4 Nxa4 45. Bf3 g6 46. Nb3 Nac5 47. Na5 Ne5 48. Bd1 Ke7 49. f4 Ned3 50. g3 Nb2 51. Bc2 Kd6 52. Kg2 b6 53. Nb3 Nxb3 54. Bxb3 f6 55. Bf7 g5 56. Kf3 Nd3 57. Bg6 Nc5 58. Kg4 gxf4 59. gxf4 Ne6 60. Kf5 Ke7 61. Kg4 Ng7 62. Kf3 f5 63. Ke3 Kd6 64. Bf7 b5 65. Kd3 c5 66. Kc3 Ne6 67. Bg6 Nd4 68. Kd3 b4 69. Kc4 b3 70. Kc3 Kd5 0-1

[Event "Perth AUS Open"]
[Site "?"]
[Date "2023.01.06"]
[Round "7.50"]
[White "McCarrick, Clare"]
[Black "Pavelic, Toni Martin"]
[Result "1-0"]
[WhiteElo "1488"]
[BlackElo "1348"]
[PlyCount "49"]
[EventDate "2023.01.??"]
[EventRounds "11"]
[EventCountry "AUS"]
[SourceVersionDate "2023.01.02"]

1. e4 c5 2. Nf3 Nc6 3. Bc4 e6 4. O-O d5 5. exd5 exd5 6. Bb5 Bd6 7. Nc3 Nf6 8. Re1+ Be6 9. Ng5 O-O 10. Nxe6 fxe6 11. Bxc6 bxc6 12. Rxe6 Ne4 13. Nxe4 Bxh2+ 14. Kxh2 Qh4+ 15. Kg1 dxe4 16. Qe1 e3 17. Rxe3 Rf5 18. d3 Raf8 19. Rh3 Qg4 20. Rg3 Qh4 21. Be3 Re8 22. f3 Rg5 23. Rxg5 Qxg5 24. Bxg5 Rxe1+ 25. Rxe1 1-0

[Event "Perth AUS Open"]
[Site "?"]
[Date "2023.01.06"]
[Round "7.53"]
[White "De Rooy, Samuel"]
[Black "Allison, Brian C"]
[Result "0-1"]
[WhiteElo "1317"]
[BlackElo "1624"]
[PlyCount "56"]
[EventDate "2023.01.??"]
[EventRounds "11"]
[EventCountry "AUS"]
[SourceVersionDate "2023.01.02"]

1. d4 f5 2. c4 Nf6 3. Nc3 e6 4. g3 c6 5. Bg2 Be7 6. Nf3 O-O 7. e3 d6 8. Bd2 Ne4 9. Qc2 Nxd2 10. Qxd2 Nd7 11. O-O-O e5 12. dxe5 dxe5 13. e4 Qc7 14. Qc2 Nc5 15. Qe2 fxe4 16. Nxe4 Nxe4 17. Qxe4 Bf5 18. Qe3 Rae8 19. Rhe1 Qa5 20. Qb3 e4 21. Nd2 Bg5 22. a3 Qc5 23. f4 exf3 24. Bxf3 Rxe1 25. Rxe1 Qf2 26. Rd1 Rd8 27. Qc3 Rd3 28. Qe5 Bxd2+ 0-1

[Event "Perth AUS Open"]
[Site "?"]
[Date "2023.01.06"]
[Round "7.54"]
[White "Milner, Anthony James"]
[Black "De Jong, Sjef"]
[Result "0-1"]
[WhiteElo "1102"]
[BlackElo "1593"]
[PlyCount "42"]
[EventDate "2023.01.??"]
[EventRounds "11"]
[EventCountry "AUS"]
[SourceVersionDate "2023.01.02"]

1. e4 e6 2. Nc3 Nc6 3. Nf3 Nf6 4. Bc4 d5 5. exd5 exd5 6. Bb3 Be7 7. h3 O-O 8. d4 h6 9. O-O Be6 10. Bf4 a6 11. Re1 Re8 12. a3 Na5 13. Ba2 Nc4 14. Bxc4 dxc4 15. Qd2 Nd5 16. Nxd5 Bxd5 17. Re3 Bxf3 18. Rxf3 g5 19. Rg3 Kh7 20. c3 gxf4 21. Qxf4 Qd5 0-1

[Event "Perth AUS Open"]
[Site "?"]
[Date "2023.01.07"]
[Round "8.2"]
[White "Vo, Thi Kim Phung"]
[Black "Tin Jingyao"]
[Result "1-0"]
[WhiteElo "2343"]
[BlackElo "2598"]
[PlyCount "105"]
[EventDate "2023.01.??"]
[EventRounds "11"]
[EventCountry "AUS"]
[SourceVersionDate "2023.01.02"]

1. d4 Nf6 2. c4 e6 3. Nc3 Bb4 4. Nf3 O-O 5. e3 d6 6. Bd3 c5 7. O-O Bxc3 8. bxc3 Nc6 9. e4 e5 10. d5 Na5 11. Bg5 h6 12. Bh4 b6 13. Rb1 Kh8 14. Bxf6 Qxf6 15. Nd2 Bd7 16. Qe2 Rae8 17. Nb3 Nb7 18. Ra1 g6 19. a4 Qd8 20. Ra2 f5 21. a5 bxa5 22. Rfa1 Bc8 23. Nxa5 Nxa5 24. Rxa5 a6 25. R5a2 f4 26. f3 g5 27. h3 h5 28. Kf1 g4 29. hxg4 hxg4 30. Ke1 Kg7 31. Qf2 Rh8 32. fxg4 Qg5 33. Kd1 Rh2 34. Be2 Reh8 35. Rb1 R8h3 36. Kc2 Rg3 37. Bf3 Bxg4 38. Rb7+ Kh6 39. Rxa6 Bxf3 40. Rxd6+ Qg6 41. Rxg6+ Kxg6 42. Qxc5 Rgxg2+ 43. Kb3 Rb2+ 44. Ka4 Rxb7 45. Qc6+ Kg5 46. Qxb7 Bd1+ 47. Ka3 f3 48. Qg7+ Kf4 49. d6 f2 50. d7 Bf3 51. d8=Q f1=Q 52. Qgg5+ Kxe4 53. Qd5# 1-0

[Event "Perth AUS Open"]
[Site "?"]
[Date "2023.01.07"]
[Round "8.3"]
[White "Morris, James"]
[Black "Stojic, Dusan"]
[Result "1-0"]
[WhiteElo "2456"]
[BlackElo "2219"]
[PlyCount "31"]
[EventDate "2023.01.??"]
[EventRounds "11"]
[EventCountry "AUS"]
[SourceVersionDate "2023.01.02"]

1. e4 c5 2. Nf3 d6 3. Bb5+ Nd7 4. Ba4 Ngf6 5. O-O Nxe4 6. Re1 d5 7. c4 Nef6 8. d4 dxc4 9. Nc3 cxd4 10. Nb5 e6 11. Bf4 Nd5 12. Qxd4 Qf6 13. Be5 Nxe5 14. Rxe5 Bd7 15. Qxd5 Rc8 16. Qxb7 1-0

[Event "Perth AUS Open"]
[Site "?"]
[Date "2023.01.07"]
[Round "8.4"]
[White "Johansen, Darryl K"]
[Black "Bassig, Hamish"]
[Result "1-0"]
[WhiteElo "2360"]
[BlackElo "1973"]
[PlyCount "209"]
[EventDate "2023.01.??"]
[EventRounds "11"]
[EventCountry "AUS"]
[SourceVersionDate "2023.01.02"]

1. d4 d5 2. Nf3 e6 3. g3 b6 4. Bg2 Bb7 5. O-O Nd7 6. c4 dxc4 7. Qa4 a6 8. Qxc4 Ngf6 9. Bg5 Be7 10. Nbd2 b5 11. Qc2 c5 12. Bxf6 gxf6 13. a4 O-O 14. Ng5 fxg5 15. Bxb7 Ra7 16. Be4 cxd4 17. Bxh7+ Kg7 18. Bd3 Rc7 19. Qd1 bxa4 20. Rxa4 Nc5 21. Ra1 Qb8 22. Ra2 Rfc8 23. Ne4 Nxe4 24. Bxe4 Qb6 25. Bb1 a5 26. Qd2 Qb4 27. Qd3 f5 28. g4 Rc5 29. gxf5 exf5 30. Ra3 a4 31. Qa6 Qxb2 32. Rxa4 R8c6 33. Qd3 Rc1 34. Ba2 Qa1 35. Qxd4+ Qxd4 36. Rxd4 Rxf1+ 37. Kxf1 Rc1+ 38. Kg2 Rc2 39. Bc4 Kf6 40. Bd3 Rc5 41. Ra4 Re5 42. Ra6+ Re6 43. Ra8 Re5 44. Rb8 Re6 45. h3 Re5 46. Kf1 Re6 47. Ke1 Re5 48. Kd2 Bc5 49. Ke1 Be7 50. Rb7 Rd5 51. Rb6+ Kg7 52. Kd1 Re5 53. Kc2 Bf6 54. Rb7+ Kg6 55. Kb3 Re7 56. Rb6 Re5 57. Kc4 Re7 58. Kd5 Rd7+ 59. Rd6 Re7 60. Re6 Rd7+ 61. Kc6 Re7 62. Rd6 Kg7 63. Rd5 f4 64. Rd6 Re5 65. Kb7 Re7+ 66. Ka6 Rc7 67. Be4 Re7 68. Bf3 Rc7 69. Kb6 Re7 70. Kc6 Ra7 71. Kd5 Ra5+ 72. Ke4 Re5+ 73. Kd3 Re7 74. Bg4 Ra7 75. Bf5 Re7 76. Be6 Be5 77. Ra6 Kf6 78. Bd5+ Kg7 79. Ke4 Bd6+ 80. Kf3 Be5 81. Be4 Bf6 82. Bd3 Rf7 83. Kg4 Re7 84. Ra5 Re5 85. Ra4 Re7 86. h4 gxh4 87. Kxf4 Re5 88. Ra7+ Re7 89. Ra2 Rd7 90. Bf5 Re7 91. e4 Be5+ 92. Kg4 Bf6 93. f4 Kh6 94. Kf3 Rc7 95. Be6 Rc3+ 96. Kg4 Kg6 97. Bf5+ Kh6 98. Bd7 Kg6 99. Be8+ Kg7 100. Kf5 Be7 101. Ke6 Kf8 102. Ra8 h3 103. Bd7+ Bd8 104. Rxd8+ Kg7 105. Ra8 1-0